000 00358nam a2200145Ia 4500
005 20251222143311.0
008 251222s9999||||xx |||||||||||||| ||spa||
020 _a8472901335
082 _a700/M26C
100 _aMartín Corrales, Eloy
245 0 _aLa Imagen de Magrebí en España
250 _a1ra.ed.
264 _bEdiciones Bellaterra
942 _cLIB
999 _c15724
_d15724